00796nam a2200229Ia 4500003000900000008004100009020003000050020003100080022002200111022002300133040001600156100002600172245006900198260005700267300002000324490003800344650004400382650002500426650003000451650001200481856007300493IN-BaIIA211028s9999 xx s 000 0 eng d a978-3-642-36665-9 (Print) a978-3-642-36666-6 (Online) a0081-3869 (Print) a1615-0430 (Online) cIIA Library aTakahashi, Yoshinori  0aSpin Fluctuation Theory of Itinerant Electron Magnetismh[eBook] aHeidelberg, BerlinbSpringer Berlin Heidelbergc2013 aOnline resource aSpringer Tracts in Modern Physics a Astronomy, Observations and Techniques a Classical Mechanics a Quality of Life Research aPhysics uhttp://doi.org/10.1007/978-3-642-36666-6yClick Here to Access eBook